[Event "Euskadi ch"]
[Site "Zornotza"]
[Date "2007.04.10"]
[Round "1.1"]
[White "Diez Fraile, David"]
[Black "Gomez, Mario"]
[Result "0-1"]
[WhiteElo "2131"]
[BlackElo "2480"]
[PlyCount "78"]
[EventDate "2007.04.10"]
[Source "AjedrezVasco"]
[SourceDate "2007.04.10"]

1. d4 Nf6 2. Nf3 e6 3. c4 b6 4. Bg5 Bb7 5. e3 h6 6. Bh4 Be7 7. Nc3 O-O 8. Be2
c5 9. O-O cxd4 10. Nxd4 a6 11. Bf3 Qc7 12. Rc1 d6 13. Rc2 Nbd7 14. Bxb7 Qxb7
15. Qe2 Rac8 16. f3 Rfe8 17. Rb1 Rc7 18. Be1 Bf8 19. Rcc1 Rec8 20. b3 d5 21.
Nd1 e5 22. Nf5 g6 23. Ng3 b5 24. Bd2 Ba3 25. Rc3 Bb4 26. Rcc1 Bxd2 27. Qxd2
dxc4 28. bxc4 Rxc4 29. e4 Qb6+ 30. Kh1 h5 31. Qh6 Qd4 32. Ne3 Qd2 33. h4 Rxc1+
34. Rxc1 Qxc1+ 35. Kh2 Nh7 36. Ne2 Qd2 37. Ng1 Ndf8 38. Nh3 Ne6 39. Kg3 Nf4 0-1

[Event "Euskadi ch"]
[Site "Zornotza"]
[Date "2007.04.10"]
[Round "1.2"]
[White "Argandoña, Iñigo"]
[Black "Angulo, Jon"]
[Result "1/2-1/2"]
[WhiteElo "2377"]
[BlackElo "2173"]
[PlyCount "112"]
[EventDate "2007.04.10"]
[Source "AjedrezVasco"]
[SourceDate "2007.04.10"]

1. d4 Nf6 2. Nf3 e6 3. c4 Bb4+ 4. Bd2 Bxd2+ 5. Nbxd2 b6 6. e4 Bb7 7. Bd3 d5 8.
Qe2 O-O 9. e5 dxc4 10. Nxc4 Ne8 11. h4 f5 12. exf6 Nxf6 13. Qxe6+ Kh8 14. Nce5
Bd5 15. Qh3 Nc6 16. h5 Bxf3 17. Qxf3 Nxe5 18. dxe5 Re8 19. O-O-O Rxe5 20. h6
Rc5+ 21. Kb1 Qd5 22. hxg7+ Kxg7 23. Qe3 h5 24. Rh3 Ng4 25. Rg3 Ra5 26. b3 Qe5
27. Be4 Rf8 28. Rd7+ Rf7 29. f4 Qc5 30. Rxf7+ Kxf7 31. Qxc5 Rxc5 32. Bf3 Nf6
33. Rh3 Kg6 34. Kb2 a5 35. a3 b5 36. Be2 b4 37. Rg3+ Kh6 38. axb4 axb4 39. Bd3
Ng4 40. Bc2 Rd5 41. Kc1 Kg7 42. Bd1 Rd6 43. Bxg4 Rg6 44. Kd2 hxg4 45. Kd3 Kf6
46. Re3 Kf5 47. g3 Rc6 48. Kd4 Kf6 49. Rd3 Rc1 50. Ke3 Rc5 51. Kf2 Rc2+ 52. Kf1
Rc5 53. Re3 Rc2 54. Ke1 Rc5 55. Kd2 Rc6 56. Rd3 Rc5 1/2-1/2

[Event "Euskadi ch"]
[Site "Zornotza"]
[Date "2007.04.10"]
[Round "1.3"]
[White "Agirretxe, Jesus"]
[Black "Gonzalez de la Torre, Santiago"]
[Result "0-1"]
[WhiteElo "2149"]
[BlackElo "2348"]
[PlyCount "80"]
[EventDate "2007.04.10"]
[Source "AjedrezVasco"]
[SourceDate "2007.04.10"]

1. d4 Nf6 2. c4 c5 3. Nf3 cxd4 4. Nxd4 b6 5. Nc3 Bb7 6. f3 e6 7. e4 d6 8. Be2
Be7 9. O-O O-O 10. Be3 a6 11. Qd2 Nbd7 12. a4 Rc8 13. a5 Re8 14. Nb3 Nc5 15.
Nxc5 bxc5 16. Rfd1 Qc7 17. Bf1 Bc6 18. Qf2 Nd7 19. Qg3 Rb8 20. Rd2 Rb4 21. Bf4
Ne5 22. h4 Qb7 23. Ra2 Bf6 24. Rxd6 Nxc4 25. Bxc4 Rxc4 26. Kh2 Rd4 27. Be3 Bxh4
28. Qe5 Rxd6 29. Qxd6 Be7 30. Qd2 Qb8+ 31. Kg1 Rd8 32. Qe2 Bf6 33. Bxc5 Bb7 34.
Ra3 h5 35. b4 Qe5 36. Nd1 Bc6 37. Rd3 Bb5 38. Rxd8+ Bxd8 39. Qb2 Bf6 40. Qc2
Qa1 0-1

[Event "Euskadi ch"]
[Site "Zornotza"]
[Date "2007.04.10"]
[Round "1.4"]
[White "Huerga, Mikel"]
[Black "Astasio, David"]
[Result "1/2-1/2"]
[WhiteElo "2307"]
[BlackElo "2122"]
[PlyCount "87"]
[EventDate "2007.04.10"]
[Source "AjedrezVasco"]
[SourceDate "2007.04.10"]

1. e4 c5 2. Nf3 e6 3. d4 cxd4 4. Nxd4 Nf6 5. Nc3 Nc6 6. Ndb5 Bb4 7. a3 Bxc3+ 8.
Nxc3 d5 9. Bd3 h6 10. O-O O-O 11. exd5 exd5 12. Bf4 Bg4 13. Qd2 Re8 14. Rfe1
Qd7 15. Bxh6 gxh6 16. Qxh6 Re6 17. Rxe6 Qxe6 18. h3 Ne4 19. Qf4 Bf5 20. Re1 Qe5
21. Qxe5 Nxe5 22. Bf1 Nc6 23. Nxd5 Rd8 24. c4 Nd2 25. Be2 Be6 26. Rd1 Bxd5 27.
Rxd2 Be6 28. Rxd8+ Nxd8 29. b4 Nc6 30. c5 Bd5 31. Bb5 Nd4 32. Bd3 a5 33. bxa5
Nb3 34. a6 bxa6 35. Bxa6 Bc6 36. Bd3 Nxc5 37. Bc2 Ne6 38. a4 Nc5 39. a5 Bb5 40.
g4 Nb7 41. Kh2 Nxa5 42. Kg3 Kg7 43. h4 Nc6 44. Be4 $11 {(=)} 1/2-1/2

[Event "Euskadi ch"]
[Site "Zornotza"]
[Date "2007.04.10"]
[Round "1.5"]
[White "Alcaide, Aitor"]
[Black "Navarro, Miguel"]
[Result "0-1"]
[WhiteElo "2140"]
[BlackElo "2317"]
[PlyCount "70"]
[EventDate "2007.04.10"]
[Source "AjedrezVasco"]
[SourceDate "2007.04.10"]

1. d4 f5 2. Nc3 Nf6 3. Bg5 d5 4. Bxf6 exf6 5. e3 Be6 6. Nge2 Nc6 7. Nf4 Qd7 8.
Bb5 Bf7 9. a3 h5 10. h4 O-O-O 11. b4 Kb8 12. Nd3 Qe6 13. Na4 Ne7 14. Nac5 Qd6
15. c3 Nc8 16. Kf1 Nb6 17. a4 c6 18. a5 cxb5 19. axb6 Qxb6 20. Qf3 g6 21. Ra5
Bd6 22. g3 Bc7 23. Kg2 Qc6 24. Ra3 Rhe8 25. Rha1 Bb6 26. Nc1 Be6 27. N1b3 Bc8
28. Qe2 f4 29. Na5 Qc7 30. Qxb5 Bxc5 31. bxc5 fxg3 32. Nc4 dxc4 33. Rxa7 Qc6+
34. Qxc6 bxc6 35. Rg7 Rd7 0-1

[Event "Euskadi ch"]
[Site "Zornotza"]
[Date "2007.04.10"]
[Round "1.6"]
[White "Limeres, Cristobal"]
[Black "Guilarte, Ricardo"]
[Result "1-0"]
[WhiteElo "2245"]
[BlackElo "2133"]
[PlyCount "131"]
[EventDate "2007.04.10"]
[Source "AjedrezVasco"]
[SourceDate "2007.04.10"]

1. d4 Nf6 2. c4 e6 3. Nc3 Bb4 4. e3 c5 5. Nge2 Ne4 6. Qc2 d5 7. a3 Ba5 8. dxc5
Qf6 9. f3 Nxc3 10. Nxc3 Bxc3+ 11. Qxc3 Qxc3+ 12. bxc3 O-O 13. cxd5 exd5 14. c4
Be6 15. cxd5 Bxd5 16. e4 Be6 17. Be3 Nd7 18. Bb5 f5 19. O-O fxe4 20. fxe4 Nf6
21. c6 bxc6 22. Bxc6 Rac8 23. Rac1 Rf7 24. Rc5 Ng4 25. Rxf7 Kxf7 26. Bd4 Rd8
27. Bd5 Bxd5 28. exd5 Rd7 29. Ra5 Nf6 30. Rxa7 Rxa7 31. Bxa7 Nxd5 32. a4 Ke6
33. Bd4 g6 34. a5 Nb4 35. Bc3 Na6 36. Kf2 Kd5 37. Ke3 Nc5 38. Bd4 Na6 39. g3
Nb4 40. Bc3 Na6 41. Kf4 Nc5 42. Bd2 Ne6+ 43. Kg4 h5+ 44. Kf3 g5 45. h3 Nd4+ 46.
Kf2 g4 47. h4 Nf5 48. Be1 Nd6 49. Ke3 Ke6 50. a6 Nc4+ 51. Kd3 Nb6 52. a7 Na8
53. Bc3 Kd5 54. Ke3 Kc6 55. Kf4 Kb7 56. Bd4 Nc7 57. Bf2 Nd5+ 58. Kg5 Nc3 59.
Kxh5 Ne4 60. Be1 Kxa7 61. Kxg4 Kb7 62. Kf5 Nd6+ 63. Ke6 Kc6 64. h5 Ne4 65. h6
Ng5+ 66. Kf6 1-0

[Event "Euskadi ch"]
[Site "Zornotza"]
[Date "2007.04.10"]
[Round "1.7"]
[White "Perez de Miguel, Alvaro"]
[Black "Galzagorri, Ieray"]
[Result "1-0"]
[WhiteElo "2084"]
[BlackElo "2252"]
[PlyCount "79"]
[EventDate "2007.04.10"]
[Source "AjedrezVasco"]
[SourceDate "2007.04.10"]

1. d4 d5 2. c4 c6 3. Nf3 Nf6 4. Nc3 a6 5. c5 Bf5 6. Bf4 h6 7. e3 Nbd7 8. h3 e6
9. Bd3 Bxd3 10. Qxd3 Be7 11. O-O O-O 12. b4 b6 13. cxb6 Qxb6 14. Rab1 a5 15. b5
Bb4 16. Rfc1 Rfc8 17. a3 Bxc3 18. Rxc3 cxb5 19. Rxc8+ Rxc8 20. Rxb5 Rc3 21.
Qxc3 Qxb5 22. Nd2 a4 23. Qc8+ Kh7 24. Qc2+ g6 25. Nb1 Nb6 26. Be5 Qb3 27. Qxb3
axb3 28. Kf1 Na4 29. Ke2 Nd7 30. Bc7 Ndb6 31. Bxb6 Nxb6 32. Kd2 Na4 33. Kc1 g5
34. Nd2 b2+ 35. Kc2 Kg6 36. Kb3 Nb6 37. Kxb2 Kf5 38. Kb3 e5 39. a4 exd4 40.
exd4 1-0

[Event "Euskadi ch"]
[Site "Zornotza"]
[Date "2007.04.10"]
[Round "1.9"]
[White "Miguelez, Erlantz"]
[Black "Mindeguia, Juan Jesus"]
[Result "0-1"]
[WhiteElo "2034"]
[BlackElo "2214"]
[PlyCount "58"]
[EventDate "2007.04.10"]
[Source "AjedrezVasco"]
[SourceDate "2007.04.10"]

1. d4 d5 2. c4 e6 3. Nc3 c5 4. e3 Nf6 5. Nf3 Nc6 6. Be2 cxd4 7. exd4 Be7 8. O-O
O-O 9. b3 Re8 10. Bb2 b6 11. Rc1 Bb7 12. Rc2 Nb4 13. Rd2 Ne4 14. Nxe4 dxe4 15.
Ne5 Bg5 16. f4 exf3 17. Bxf3 Bxf3 18. Rxf3 f6 19. Ng4 Bxd2 20. Qxd2 Qe7 21. Bc3
a5 22. a3 Nc6 23. Qf4 e5 24. dxe5 Nxe5 25. Re3 Rad8 26. h4 Rd1+ 27. Kh2 Nxg4+
28. Qxg4 Qxe3 29. Bxf6 Qg1+ 0-1

[Event "Euskadi ch"]
[Site "Zornotza"]
[Date "2007.04.10"]
[Round "1.10"]
[White "Martin, Iñigo"]
[Black "Cendagortagalarza, Jose Luis"]
[Result "1-0"]
[WhiteElo "2167"]
[BlackElo "1816"]
[PlyCount "112"]
[EventDate "2007.04.10"]
[Source "AjedrezVasco"]
[SourceDate "2007.04.10"]

1. e4 c5 2. Nc3 d6 3. d4 cxd4 4. Qxd4 Nc6 5. Bb5 Bd7 6. Bxc6 bxc6 7. Nf3 e5 8.
Qd3 Be7 9. O-O Nf6 10. Bg5 Qc7 11. Rfd1 h6 12. Bxf6 gxf6 13. Nd2 Bg4 14. f3 Be6
15. Nc4 Rd8 16. Ne3 Qb6 17. Kh1 Qxb2 18. a4 Qb7 19. a5 O-O 20. g4 Kh8 21. a6
Qc7 22. Rab1 Rb8 23. Nf5 Bxf5 24. gxf5 Rxb1 25. Rxb1 Rb8 26. Rxb8+ Qxb8 27. Qc4
Qe8 28. Qb4 d5 29. Qb7 Bc5 30. exd5 Qg8 31. Ne2 cxd5 32. Qxd5 Bf2 33. c4 h5 34.
Qd6 Qg7 35. Qd1 Qg5 36. Qf1 Qe3 37. Kg2 Bh4 38. Ng3 Bxg3 39. hxg3 e4 40. Qf2
exf3+ 41. Qxf3 Qd2+ 42. Kh3 Qg5 43. c5 Qc1 44. Qxh5+ Kg8 45. Qg4+ Kf8 46. Qb4
Qh1+ 47. Kg4 Qd1+ 48. Kh4 Qh1+ 49. Kg4 Qd1+ 50. Kf4 Qf1+ 51. Ke4 Qxa6 52. c6+
Kg7 53. Kd5 Qd3+ 54. Kc5 Qxf5+ 55. Kd6 Qe5+ 56. Kd7 Qd4+ 1-0

[Event "Euskadi ch"]
[Site "Zornotza"]
[Date "2007.04.10"]
[Round "1.11"]
[White "Iza, Asier"]
[Black "Arias, Luis Javier"]
[Result "0-1"]
[WhiteElo "1740"]
[BlackElo "2197"]
[PlyCount "68"]
[EventDate "2007.04.10"]
[Source "AjedrezVasco"]
[SourceDate "2007.04.10"]

1. Nf3 d5 2. g3 c6 3. Bg2 Bg4 4. O-O e6 5. d3 Bd6 6. Nbd2 Ne7 7. e4 O-O 8. h3
Bh5 9. g4 Bg6 10. e5 Bc7 11. Re1 Nd7 12. Nf1 b5 13. Bf4 c5 14. Qe2 Nc6 15. h4
h5 16. g5 Ba5 17. Bd2 Bxd2 18. Qxd2 Qc7 19. Qe2 Rac8 20. Ng3 a5 21. c3 a4 22.
Rac1 b4 23. c4 dxc4 24. dxc4 b3 25. axb3 axb3 26. Red1 Ndxe5 27. Nxe5 Nxe5 28.
Nxh5 Bc2 29. Rd2 Rcd8 30. Rxd8 Rxd8 31. Re1 Nd3 32. Qg4 Nxe1 33. Nf6+ Kf8 34.
Qh5 Ke7 0-1

[Event "Euskadi ch"]
[Site "Zornotza"]
[Date "2007.04.11"]
[Round "2"]
[White "Gonzalez de la Torre, Santiago"]
[Black "Martin, Iñigo"]
[Result "1-0"]
[WhiteElo "2348"]
[BlackElo "2167"]
[PlyCount "35"]
[EventDate "2007.04.10"]
[Source "AjedrezVasco"]
[SourceDate "2007.04.10"]

1. e4 d5 2. exd5 Nf6 3. d4 Bg4 4. Nf3 Nxd5 5. Be2 Nc6 6. h3 Bh5 7. c4 Nb6 8. c5
Nd5 9. Qb3 Qd7 10. Nc3 O-O-O 11. O-O e6 12. Be3 f6 13. Nxd5 exd5 14. Qc3 Bxf3
15. Bxf3 g5 16. Bxg5 Rg8 17. Bxf6 Qxh3 18. Bxd5 1-0

[Event "Euskadi ch"]
[Site "Zornotza"]
[Date "2007.04.11"]
[Round "2"]
[White "Navarro, Miguel"]
[Black "Perez de Miguel, Alvaro"]
[Result "1/2-1/2"]
[WhiteElo "2317"]
[BlackElo "2084"]
[PlyCount "146"]
[EventDate "2007.04.10"]
[Source "AjedrezVasco"]
[SourceDate "2007.04.10"]

1. e4 c6 2. d4 d5 3. Nc3 dxe4 4. Nxe4 Nd7 5. Ng5 Ngf6 6. Bd3 e6 7. N1f3 Bd6 8.
Qe2 h6 9. Ne4 Nxe4 10. Qxe4 Nf6 11. Qe2 b6 12. Bd2 Bb7 13. O-O-O Qc7 14. Ne5
O-O-O 15. f4 g6 16. Rhe1 Rhe8 17. Kb1 Kb8 18. c4 c5 19. dxc5 Bxc5 20. g3 Bd4
21. Nf3 Bc5 22. Bc3 Nd7 23. Bc2 Ka8 24. Nd4 a6 25. Nf3 Qc6 26. Nd2 Be7 27. Be4
Qc7 28. Nf3 Nc5 29. Bc2 Rxd1+ 30. Rxd1 Rd8 31. Ne5 Rxd1+ 32. Qxd1 Bf6 33. Qe2
a5 34. Qe3 g5 35. Bd4 Ka7 36. b3 Bd8 37. Qf2 Ne4 38. Qe3 Nc5 39. Kb2 Qe7 40.
fxg5 hxg5 41. Nd3 Nxd3+ 42. Bxd3 Qd7 43. c5 bxc5 44. Bxc5+ Ka8 45. Bd4 Qd5 46.
Bc2 Qf3 47. Qe5 Qc6 48. Qh8 Qc8 49. Qf8 f5 50. Bd3 Qd7 51. Qc5 Bc6 52. Bc4 f4
53. Bxe6 Qb7 54. gxf4 gxf4 55. Qf8 Qb8 56. Bc4 f3 57. Qh6 Qb7 58. Qh8 Qb8 59.
Be5 Qc8 60. Bg3 Qd7 61. Qc3 Bb6 62. Qh8+ Bd8 63. Bf4 Kb7 64. Qe5 Bc7 65. Qxc7+
Qxc7 66. Bxc7 Kxc7 67. Kc3 f2 68. Bf1 Kb6 69. a4 Kc5 70. h4 Be8 71. Bg2 Bc6 72.
Bf1 Be8 73. Bh3 Bd7 $11 {(=)} 1/2-1/2

[Event "Euskadi ch"]
[Site "Zornotza"]
[Date "2007.04.11"]
[Round "2"]
[White "Mindeguia, Juan Jesus"]
[Black "Limeres, Cristobal"]
[Result "1/2-1/2"]
[WhiteElo "2214"]
[BlackElo "2245"]
[PlyCount "95"]
[EventDate "2007.04.10"]
[Source "AjedrezVasco"]
[SourceDate "2007.04.10"]

1. e4 e6 2. d4 d5 3. e5 c5 4. c3 Qb6 5. Bd3 Bd7 6. dxc5 Bxc5 7. Qe2 Nc6 8. b4
Be7 9. Nf3 Nh6 10. Bxh6 gxh6 11. O-O O-O-O 12. b5 Na5 13. Nbd2 Kb8 14. Nb3 Rc8
15. Nxa5 Qxa5 16. c4 dxc4 17. Bxc4 Qa4 18. Bd3 Rc5 19. Rfc1 Bxb5 20. Rxc5 Bxd3
21. Qe3 Bxc5 22. Qxc5 Rd8 23. Rc1 Qd7 24. Qe3 Bg6 25. h3 h5 26. Rc4 Qd1+ 27.
Kh2 Qd3 28. Qc5 Qd7 29. Rd4 Qc7 30. Rxd8+ Qxd8 31. Nd4 a6 32. Nb3 Qc7 33. Qd4
b6 34. Nd2 Qc5 35. Qd8+ Kb7 36. Qd7+ Qc7 37. Qd4 Qc6 38. Nc4 Kc7 39. Nd6 Qc5
40. Qf4 Kc6 41. Qa4+ Kd5 42. f4 Qd4 43. Qb3+ Kc6 44. Qf3+ Kc5 45. Qa3+ Kc6 46.
Qf3+ Qd5 47. Qc3+ Qc5 48. Qf3+ 1/2-1/2

[Event "Euskadi ch"]
[Site "Zornotza"]
[Date "2007.04.11"]
[Round "2"]
[White "Arias, Luis Javier"]
[Black "Argandoña, Iñigo"]
[Result "0-1"]
[WhiteElo "2197"]
[BlackElo "2377"]
[PlyCount "73"]
[EventDate "2007.04.10"]
[Source "AjedrezVasco"]
[SourceDate "2007.04.10"]

1. e4 c5 2. Nf3 d6 3. c3 Nf6 4. h3 Nbd7 5. Bd3 Qc7 6. Qe2 b6 7. O-O Bb7 8. Bc2
Rc8 9. d3 g6 10. Nbd2 Bg7 11. Re1 O-O 12. Nf1 e5 13. Ng3 d5 14. a4 a6 15. Bg5
h6 16. Bd2 b5 17. axb5 axb5 18. Ra7 Ra8 19. Rea1 dxe4 20. dxe4 c4 21. h4 Nc5
22. h5 g5 23. Rxa8 Rxa8 24. Rxa8+ Bxa8 25. Nh2 Qd7 26. f3 Bf8 27. Nhf1 Qa7 28.
Be3 Qa2 29. Qf2 Ne6 30. Bd1 Nf4 31. Bxf4 gxf4 32. Nf5 Qa1 33. Qh4 Qa6 34. Nh2
Bc5+ 35. Kf1 Qa1 36. Ke1 Qxb2 37. Qxf6 0-1

[Event "Euskadi ch"]
[Site "Zornotza"]
[Date "2007.04.11"]
[Round "2"]
[White "Angulo, Jon"]
[Black "Huerga, Mikel"]
[Result "0-1"]
[WhiteElo "2173"]
[BlackElo "2307"]
[PlyCount "42"]
[EventDate "2007.04.10"]
[Source "AjedrezVasco"]
[SourceDate "2007.04.10"]

1. e4 c5 2. Nf3 Nc6 3. d4 cxd4 4. Nxd4 Nf6 5. Nc3 e5 6. Ndb5 d6 7. Bg5 a6 8.
Na3 b5 9. Nd5 Be7 10. Bxf6 Bxf6 11. c3 Ne7 12. Nxf6+ gxf6 13. Bd3 Bb7 14. Nc2
f5 15. Qe2 Rg8 16. Rg1 Ng6 17. g3 Nf4 18. Bxb5+ axb5 19. Qxb5+ Qd7 20. Qxd7+
Kxd7 21. exf5 Nh3 0-1

[Event "Euskadi ch"]
[Site "Zornotza"]
[Date "2007.04.11"]
[Round "2"]
[White "Astasio, David"]
[Black "Diez Fraile, David"]
[Result "1/2-1/2"]
[WhiteElo "2122"]
[BlackElo "2131"]
[PlyCount "108"]
[EventDate "2007.04.10"]
[Source "AjedrezVasco"]
[SourceDate "2007.04.10"]

1. d4 d5 2. Nf3 Nf6 3. Nbd2 c6 4. e3 Bf5 5. Nh4 Bg6 6. Nxg6 hxg6 7. Bd3 Nbd7 8.
f4 e6 9. b3 Bd6 10. Bb2 Qe7 11. Qe2 a6 12. c3 c5 13. g3 Rc8 14. Rd1 Rc7 15. O-O
b5 16. c4 bxc4 17. bxc4 O-O 18. Nf3 Rb8 19. Rb1 cxd4 20. exd4 dxc4 21. Bxc4 a5
22. a4 Bb4 23. Rfc1 Nb6 24. Bb5 Rbc8 25. Ne5 Qd6 26. Qd3 Nfd5 27. Rxc7 Rxc7 28.
Rc1 Rxc1+ 29. Bxc1 Nc3 30. Be3 Nxb5 31. Qxb5 Nd5 32. Bf2 Nc3 33. Qe8+ Qf8 34.
Qd7 Qe7 35. Qc6 Qd6 36. Qb7 Qe7 37. Qc8+ Qf8 38. Qc4 Nd5 39. Nd7 Qd8 40. Ne5
Qf8 41. Nf3 Qe8 42. Ne5 Qf8 43. Kg2 Qd6 44. Qc8+ Qf8 45. Qc6 Qd6 46. Qe8+ Qf8
47. Qb5 Nc3 48. Qc6 Qd6 49. Qxd6 Bxd6 50. Be1 Nxa4 51. Bxa5 Bxe5 52. dxe5 Nc5
53. Bb4 Nd7 54. Kf3 g5 1/2-1/2

[Event "Euskadi ch"]
[Site "Zornotza"]
[Date "2007.04.11"]
[Round "2"]
[White "Galzagorri, Ieray"]
[Black "Miguelez, Erlantz"]
[Result "1-0"]
[WhiteElo "2252"]
[BlackElo "2034"]
[PlyCount "35"]
[EventDate "2007.04.10"]
[Source "AjedrezVasco"]
[SourceDate "2007.04.10"]

1. Nf3 Nf6 2. g3 g6 3. b3 Bg7 4. Bb2 O-O 5. Bg2 d5 6. c4 dxc4 7. bxc4 c6 8. O-O
Be6 9. d3 Qc8 10. Qb3 Nbd7 11. Ng5 Bg4 12. f3 Nc5 13. Qa3 Ne6 14. Ne4 Bf5 15.
Nxf6+ Bxf6 16. Bxf6 exf6 17. e4 Qd8 18. exf5 1-0

[Event "Euskadi ch"]
[Site "Zornotza"]
[Date "2007.04.11"]
[Round "2"]
[White "Villalta, Igor"]
[Black "Agirretxe, Jesus"]
[Result "0-1"]
[WhiteElo "2007"]
[BlackElo "2149"]
[PlyCount "88"]
[EventDate "2007.04.10"]
[Source "AjedrezVasco"]
[SourceDate "2007.04.10"]

1. d4 d5 2. Nf3 c6 3. Nbd2 Nf6 4. e3 Bf5 5. Nh4 Bg4 6. f3 Bh5 7. g3 e6 8. Bd3
Be7 9. Ng2 Bg6 10. Nf4 Bxd3 11. Nxd3 O-O 12. b3 Nbd7 13. Bb2 c5 14. O-O Rc8 15.
c3 Qa5 16. a3 Qa6 17. Qb1 c4 18. bxc4 dxc4 19. Nf2 e5 20. Re1 Rfe8 21. Qc2 b5
22. Nf1 Qc6 23. Kg2 a5 24. Rad1 exd4 25. exd4 b4 26. axb4 axb4 27. cxb4 Bxb4
28. Bc3 Bxc3 29. Qxc3 Nd5 30. Qc1 Rxe1 31. Rxe1 h6 32. Ne3 N7f6 33. Nc2 Qb5 34.
Ne4 Qb3 35. Nxf6+ Nxf6 36. Re5 Ra8 37. Ne3 Ra2+ 38. Kh3 $11 {(=)} 38... g5 39.
Rf5 Kg7 40. Ng4 Nxg4 41. Kxg4 Qd3 42. Qe1 Re2 43. Qa1 Kg6 44. Re5 Rxh2 0-1

[Event "Euskadi ch"]
[Site "Zornotza"]
[Date "2007.04.11"]
[Round "2"]
[White "Cendagortagalarza, Jose Luis"]
[Black "Alcaide, Aitor"]
[Result "0-1"]
[WhiteElo "1816"]
[BlackElo "2140"]
[PlyCount "84"]
[EventDate "2007.04.10"]
[Source "AjedrezVasco"]
[SourceDate "2007.04.10"]

1. g3 d5 2. Bg2 e6 3. d3 Nf6 4. Nf3 Be7 5. O-O O-O 6. Nbd2 c5 7. b3 Nc6 8. Bb2
Qc7 9. c3 a5 10. Qc2 b6 11. c4 d4 12. a3 Bb7 13. Ne4 Nh5 14. Bc1 h6 15. g4 Nf4
16. Bxf4 Qxf4 17. h3 f5 18. gxf5 Rxf5 19. Qd2 Qc7 20. Ng3 Rf7 21. Kh1 Ne5 22.
Ne4 Bxe4 23. dxe4 Raf8 24. Rg1 Rxf3 25. Bxf3 Rxf3 26. Qxh6 Rf7 27. Qxe6 Qd6 28.
Qxd6 Bxd6 29. Rg2 Rf4 30. Rag1 g6 31. f3 Kf7 32. Rg5 Rh4 33. Kg2 Kf6 34. Rg4
Nxg4 35. hxg4 Rh2+ 36. Kf1 d3 37. exd3 Rd2 38. g5+ Kg7 39. Rg4 Rxd3 40. Ke2
Rxb3 41. f4 Rxa3 42. f5 Rg3 0-1

[Event "Euskadi ch"]
[Site "Zornotza"]
[Date "2007.04.11"]
[Round "2"]
[White "Guilarte, Ricardo"]
[Black "Iza, Asier"]
[Result "1-0"]
[WhiteElo "2133"]
[BlackElo "1740"]
[PlyCount "39"]
[EventDate "2007.04.10"]
[Source "AjedrezVasco"]
[SourceDate "2007.04.10"]

1. e4 c5 2. g3 d5 3. Nc3 dxe4 4. Nxe4 Nd7 5. d4 Ngf6 6. Nxf6+ Nxf6 7. dxc5 Qa5+
8. c3 Qxc5 9. Bg2 Ng4 10. Qe2 Bf5 11. Bxb7 Rd8 12. Ba6 Rd5 13. Nf3 Rd1+ 14.
Kxd1 Nxf2+ 15. Ke1 Nxh1 16. Be3 Qc7 17. Bb5+ Kd8 18. Rd1+ Kc8 19. Ba6+ Kb8 20.
Bf4 1-0

[Event "Euskadi ch"]
[Site "Zornotza"]
[Date "2007.04.11"]
[Round "3"]
[White "Gonzalez de la Torre, Santiago"]
[Black "Gomez, Mario"]
[Result "0-1"]
[WhiteElo "2348"]
[BlackElo "2480"]
[PlyCount "150"]
[EventDate "2007.04.10"]
[Source "AjedrezVasco"]
[SourceDate "2007.04.10"]

1. e4 e6 2. d4 d5 3. Nc3 dxe4 4. Nxe4 Nd7 5. g3 Ngf6 6. Nxf6+ Nxf6 7. Bg2 c5 8.
Ne2 cxd4 9. Qxd4 Qxd4 10. Nxd4 a6 11. O-O Bd6 12. Rd1 Bc7 13. Nb3 O-O 14. Be3
Re8 15. c4 h6 16. Bc5 e5 17. Bd6 Bxd6 18. Rxd6 e4 19. c5 a5 20. Nd2 Bf5 21. Nc4
Be6 22. Rd4 Bxc4 23. Rxc4 Re5 24. Rac1 Rd8 25. Kf1 Rd2 26. R4c2 Red5 27. Ke1
R2d4 28. Rc4 g5 29. b3 Kg7 30. Rxd4 Rxd4 31. Rd1 Rb4 32. Bf1 a4 33. Bc4 axb3
34. axb3 b5 35. c6 Ne8 36. Bd5 f5 37. Rd2 Kf6 38. Kd1 Ke5 39. Bf7 Nc7 40. Rd7
Rd4+ 41. Ke2 Na6 42. c7 Nxc7 43. Rxc7 f4 44. Rc5+ Kf6 45. Bg8 Rd3 46. Rxb5 f3+
47. Ke1 Rc3 48. Bh7 Rc2 49. g4 Re2+ 50. Kd1 Kg7 51. Rb7+ Kf6 52. Rb4 e3 53.
fxe3 Rxe3 54. Rb5 Kg7 55. Kd2 Re2+ 56. Kd3 Kxh7 57. Rf5 Rxh2 58. Rxf3 Rg2 59.
b4 Rxg4 60. Kc3 Re4 61. b5 g4 62. Rd3 h5 63. Rd7+ Kg6 64. b6 Re8 65. Kd2 g3 66.
Rd3 h4 67. Re3 Rb8 68. Ke2 Rxb6 69. Kf3 Kf5 70. Ra3 Rb5 71. Rc3 Kg5 72. Rc8
Rb3+ 73. Kg2 Rb2+ 74. Kf3 Rf2+ 75. Ke3 Kg4 0-1

[Event "Euskadi ch"]
[Site "Zornotza"]
[Date "2007.04.11"]
[Round "3"]
[White "Argandoña, Iñigo"]
[Black "Mindeguia, Juan Jesus"]
[Result "1/2-1/2"]
[WhiteElo "2377"]
[BlackElo "2214"]
[PlyCount "33"]
[EventDate "2007.04.10"]
[Source "AjedrezVasco"]
[SourceDate "2007.04.10"]

1. d4 d5 2. Nf3 e6 3. Nbd2 Nf6 4. e3 b6 5. Ne5 Bb7 6. f4 Bd6 7. Qf3 c5 8. Bd3
Nc6 9. c3 Qc7 10. g4 O-O-O 11. g5 Ne8 12. Qh3 Bxe5 13. fxe5 g6 14. Nf3 Ne7 15.
Bd2 c4 16. Bc2 Ng7 17. O-O-O 1/2-1/2

[Event "Euskadi ch"]
[Site "Zornotza"]
[Date "2007.04.11"]
[Round "3"]
[White "Huerga, Mikel"]
[Black "Perez de Miguel, Alvaro"]
[Result "1-0"]
[WhiteElo "2307"]
[BlackElo "2084"]
[PlyCount "85"]
[EventDate "2007.04.10"]
[Source "AjedrezVasco"]
[SourceDate "2007.04.10"]

1. e4 c6 2. d4 d5 3. Nd2 dxe4 4. Nxe4 Nd7 5. Ng5 Ngf6 6. Bd3 e6 7. N1f3 Bd6 8.
Qe2 h6 9. Ne4 Nxe4 10. Qxe4 Nf6 11. Qh4 Qa5+ 12. Bd2 Qh5 13. Qxh5 Nxh5 14. Ne5
Nf6 15. O-O-O O-O 16. f4 c5 17. dxc5 Bxc5 18. g4 Bd6 19. Nc4 Be7 20. Rhg1 Nd5
21. Be4 b5 22. Bxd5 exd5 23. Ne5 Bb7 24. Be3 Rac8 25. Bd4 f6 26. Nd3 Rc4 27.
Bxa7 Ra8 28. b3 Re4 29. Bc5 Rxa2 30. Bxe7 Ra1+ 31. Kd2 Rxd1+ 32. Rxd1 Rxe7 33.
Ra1 Kf7 34. Ra7 Bc8 35. Rxe7+ Kxe7 36. Nf2 g5 37. f5 Kd6 38. Ke3 Bd7 39. Kd4
Bc6 40. Nd1 Bb7 41. b4 Bc8 42. Nc3 h5 43. Nxb5+ 1-0

[Event "Euskadi ch"]
[Site "Zornotza"]
[Date "2007.04.11"]
[Round "3"]
[White "Limeres, Cristobal"]
[Black "Navarro, Miguel"]
[Result "1/2-1/2"]
[WhiteElo "2245"]
[BlackElo "2317"]
[PlyCount "25"]
[EventDate "2007.04.10"]
[Source "AjedrezVasco"]
[SourceDate "2007.04.10"]

1. d4 f5 2. g3 Nf6 3. Bg2 g6 4. Nh3 Bg7 5. O-O O-O 6. Nf4 Nc6 7. c3 e5 8. dxe5
Nxe5 9. Bxb7 Bxb7 10. Qb3+ d5 11. Qxb7 Qd6 12. Qb3 g5 13. Nd3 $11 {(=)} 1/2-1/2

[Event "Euskadi ch"]
[Site "Zornotza"]
[Date "2007.04.11"]
[Round "3"]
[White "Agirretxe, Jesus"]
[Black "Galzagorri, Ieray"]
[Result "1/2-1/2"]
[WhiteElo "2149"]
[BlackElo "2252"]
[PlyCount "113"]
[EventDate "2007.04.10"]
[Source "AjedrezVasco"]
[SourceDate "2007.04.10"]

1. d4 Nf6 2. c4 c5 3. Nf3 cxd4 4. Nxd4 b6 5. Nc3 Bb7 6. f3 d6 7. e4 e6 8. Be2
Be7 9. Be3 a6 10. O-O O-O 11. Qd2 Nbd7 12. Rfd1 Rc8 13. Rac1 Qc7 14. Bf1 Qb8
15. Qf2 Bd8 16. Kh1 Bc7 17. Qg1 Kh8 18. Nc2 Rg8 19. Na4 Nc5 20. Nxc5 dxc5 21.
Bd2 Rgd8 22. Bc3 Be5 23. Ne3 Bxc3 24. Rxc3 Rd4 25. Rcd3 Rcd8 26. Qf2 Rxd3 27.
Rxd3 Rxd3 28. Bxd3 Qd6 29. Bf1 Qd4 30. Qe2 g6 31. Kg1 Kg7 32. Kf2 Nd7 33. Ke1
Ne5 34. Qd2 Nc6 35. Qxd4+ cxd4 36. Nd1 e5 37. Kd2 f5 38. Nf2 Kf6 39. a3 a5 40.
b3 $11 Nd8 41. b4 axb4 42. axb4 fxe4 43. Nxe4+ Bxe4 44. fxe4 Nb7 45. g3 Nd6 46.
Kd3 Nb7 47. Bh3 Ke7 48. Bc8 Nd8 49. Kc2 Kd6 50. Kb3 Kc6 51. h4 h6 52. Bg4 g5
53. Bf5 gxh4 54. gxh4 Kc7 55. Bh3 Kc6 $11 56. Bg4 Kb7 57. Bh3 1/2-1/2